[Event "SRB-chT 2nd League East"]
[Site "Knic"]
[Date "2019.09.07"]
[Round "3.5"]
[White "Arsic, Djordje"]
[Black "Rankovic, Srdjan"]
[Result "1-0"]
[WhiteElo "2194"]
[BlackElo "2231"]
[PlyCount "127"]
[EventDate "2019.09.06"]
[EventType "team-tourn"]
[EventRounds "11"]
[EventCountry "SRB"]
[SourceTitle "EXT 2020"]
[Source "ChessBase"]
[SourceDate "2019.10.17"]
[SourceVersion "1"]
[SourceVersionDate "2019.10.17"]
[SourceQuality "1"]
[WhiteTeam "Kursumlija"]
[BlackTeam "Leskovac Glubocica"]
[WhiteTeamCountry "SRB"]
[BlackTeamCountry "SRB"]

1. e4 d6 2. d4 Nf6 3. Nc3 Nbd7 4. Nge2 e5 5. g3 g6 6. Bg2 Bg7 7. 0-0 0-0 8. h3 c6 9. Be3 Qc7 10. f4 exd4 11. Nxd4 Re8 12. Bf2 Nc5 13. Re1 Bd7 14. Qd2 Rad8 15. Nb3 b6 16. Rad1 Bc8 17. Qc1 Nxb3 18. cxb3 Bb7 19. Rd2 Qb8 20. Qd1 d5 21. e5 Nd7 22. b4 b5 23. Rde2 Nf8 24. Qd4 Ne6 25. Qd3 Bf8 26. a3 a6 27. Bb6 Nc7 28. g4 Bc8 29. Bf2 Ne6 30. Bg3 Ng7 31. Rf1 Qa7+ 32. Kh2 Qe7 33. Ref2 f5 34. exf6 Qxf6 35. Ne2 c5 36. Bxd5+ Kh8 37. Qf3 cxb4 38. axb4 Qxb2 39. Bf7 Qxb4 40. Bxe8 Rxe8 41. f5 gxf5 42. gxf5 Nxf5 43. Qh5 Qe7 44. Nf4 Kg7 45. Nd5 Qf7 46. Qxf7+ Kxf7 47. Rxf5+ Bxf5 48. Rxf5+ Ke6 49. Re5+ Kf7 50. Rh5 Rc8 51. Nc7 Kf6 52. Rxh7 Kf5 53. Nxa6 Rc2+ 54. Kh1 Ke4 55. Rf7 Ba3 56. Rf4+ Ke3 57. Rf1 Rc6 58. Nc7 b4 59. Nd5+ Ke4 60. Nxb4 Bxb4 61. Rf4+ Ke3 62. Rxb4 Rc1+ 63. Kg2 Rc2+ 64. Kf1 1-0

[Event "SRB-chT 2nd League East"]
[Site "Knic"]
[Date "2019.09.07"]
[Round "2.5"]
[White "Rankovic, Srdjan"]
[Black "Djukic, Nebojsa"]
[Result "1-0"]
[WhiteElo "2231"]
[BlackElo "2132"]
[PlyCount "73"]
[EventDate "2019.09.06"]
[EventType "team-tourn"]
[EventRounds "11"]
[EventCountry "SRB"]
[SourceTitle "EXT 2020"]
[Source "ChessBase"]
[SourceDate "2019.10.17"]
[SourceVersion "1"]
[SourceVersionDate "2019.10.17"]
[SourceQuality "1"]
[WhiteTeam "Leskovac Glubocica"]
[BlackTeam "Nis Svitanja"]
[WhiteTeamCountry "SRB"]
[BlackTeamCountry "SRB"]

1. d4 e6 2. c4 Nf6 3. Nf3 b6 4. g3 Bb7 5. Bg2 d5 6. Ne5 Bd6 7. Nc3 0-0 8. 0-0 Bxe5 9. dxe5 Ne4 10. Nxe4 dxe4 11. Qc2 Qd4 12. Bf4 Na6 13. a3 f5 14. exf6 Qxf6 15. b4 e5 16. Be3 Qf5 17. c5 bxc5 18. b5 Nb8 19. Qxc5 Rf7 20. Rad1 h5 21. Rd8+ Kh7 22. Qc4 Nd7 23. Rxa8 Bxa8 24. Qxc7 Nb6 25. Qc2 Nc8 26. Rd1 Bb7 27. a4 g6 28. a5 a6 29. b6 Ne7 30. h4 Qg4 31. Qc4 Kg7 32. Qc5 Nc6 33. Rd6 Rf6 34. Bg5 Rf7 35. Rxc6 Bxc6 36. Qxc6 Qxe2 37. Be3 1-0

[Event "SRB-chT3 South"]
[Site "Serbia"]
[Date "2006.10.08"]
[Round "5.2"]
[White "Hasani, Bajram"]
[Black "Rankovic, Srdjan"]
[Result "0-1"]
[WhiteElo "2157"]
[BlackElo "2286"]
[PlyCount "62"]
[EventDate "2006.09.10"]
[EventType "team"]
[EventRounds "11"]
[EventCountry "SRB"]
[SourceTitle "EXT 2012"]
[Source "ChessBase"]
[SourceDate "2011.11.24"]
[SourceVersion "1"]
[SourceVersionDate "2011.11.24"]
[SourceQuality "1"]

1. d4 d5 2. Nf3 Nf6 3. e3 c5 4. c4 e6 5. cxd5 exd5 6. dxc5 Bxc5 7. Be2 Nc6 8. 0-0 0-0 9. Nc3 a6 10. a3 d4 11. exd4 Nxd4 12. Nxd4 Bxd4 13. Bg5 Be6 14. Rc1 Rc8 15. Qa4 Qb6 16. Qb4 Qxb4 17. axb4 Bc4 18. Rfe1 h6 19. Bd2 Rfd8 20. Bxc4 Rxc4 21. Ne2 Bxf2+ 22. Kxf2 Ne4+ 23. Kg1 Nxd2 24. Rxc4 Nxc4 25. Rc1 Nxb2 26. Rc7 b5 27. Rc6 Rd1+ 28. Kf2 Nd3+ 29. Ke3 Nxb4 30. Rc8+ Kh7 31. Rc7 Nd5+ 0-1